|
|
|
|
| LEADER |
00000nam0a2200000 4500 |
| 001 |
218024 |
| 005 |
20231101230151.0 |
| 010 |
|
|
|a 5283000575
|
| 020 |
|
|
|a RU
|b 90-14758
|
| 035 |
|
|
|a (RuTPU)RU\TPU\book\238030
|
| 090 |
|
|
|a 218024
|
| 100 |
|
|
|a 20120611d1990 km y0rusy5003 ca
|
| 101 |
0 |
|
|a rus
|
| 102 |
|
|
|a RU
|
| 105 |
|
|
|a y z 001zy
|
| 200 |
1 |
|
|a Методические вопросы экономии энергоресурсов
|f В. Е. Аракелов, А. И. Кремер
|
| 210 |
|
|
|a Москва
|c Энергоатомиздат
|d 1990
|
| 215 |
|
|
|a 188,[2] с.
|c ил.
|d 20 см
|
| 225 |
1 |
|
|a Экономия топлива и электроэнергии
|
| 320 |
|
|
|a Библиогр.: с. 187-189 (48 назв.)
|
| 606 |
|
|
|a Топливно энергетические ресурсы
|x Хранение
|2 stltpush
|3 (RuTPU)RU\TPU\subj\72547
|9 86017
|
| 610 |
1 |
|
|a промышленные предприятия
|
| 610 |
1 |
|
|a экономия
|
| 610 |
1 |
|
|a энергетические ресурсы
|
| 610 |
1 |
|
|a топливо
|
| 610 |
1 |
|
|a энергосбережение
|
| 610 |
1 |
|
|a энергосберегательные мероприятия
|
| 610 |
1 |
|
|a безотходные производства
|
| 610 |
1 |
|
|a безотходные технологии
|
| 610 |
1 |
|
|a оптимизация
|
| 610 |
1 |
|
|a энергетический баланс
|
| 610 |
1 |
|
|a тепловой баланс
|
| 610 |
1 |
|
|a утилизация
|
| 675 |
|
|
|a 620.91.004
|z rus
|v 3
|
| 700 |
|
1 |
|a Аракелов
|b В. Е.
|g Валерий Ервандович
|4 070
|
| 701 |
|
1 |
|a Кремер
|b А. И.
|g Айзик Ишерович
|4 070
|
| 801 |
|
0 |
|a RU
|b RuMRKP
|c 19950417
|g psbo
|
| 801 |
|
1 |
|a RU
|b 63413507
|c 20120611
|
| 801 |
|
2 |
|a RU
|b 63413507
|c 20171227
|g RCR
|
| 942 |
|
|
|c BK
|